000 nam a22 7a 4500
999 _c138949
_d138947
005 20180307125419.0
008 180307b mau||||| |||| 00| 0 eng d
020 _a0669036382
050 0 4 _aHC110.T4
_bG65 1980
100 1 _aGold, Bela
245 1 0 _aEvaluating technological innovations
_b: methods, expectations, and findings
_c/ Bela Gold, Gerhard Rosegger, Myles G. Boylan.
250 _a1a ed.
260 _aLexington, Massachusetts :
_bLexington books,
_cc1980
300 _axvii, 369 p. :
_bil.,
_c23 cm.
504 _aIncluye bibliografias e índice
650 7 _2lemb
_aInnovaciones tecnológicas
_zEstados Unidos
650 7 _2lemb
_aAcero
_x Industria y comercio
_zEstados Unidos
700 1 _aRosegger, Gerhard,
_eautor
700 1 _aBoylan Jr., Myles g.,
_eautor
942 _2lcc
_cLIB